000
00306nam a2200121Ia 4500
008
191201s2008 xx 000 0 und d
100
_a
JALOTE, Pankaj
245
0
_a
Integrated Approach to Software Engineering
260
_a
N. Delhi
_b
Narosa
_c
2008
300
_a
495
650
_a
B.Tech(CSE)
942
_2
ddc
_c
BK
999
_c
313
_d
313